Software Management (Record no. 366692)

MARC details
000 -LEADER
fixed length control field 00362nam a22001457a 4500
005 - DATE AND TIME OF LATEST TRANSACTION
control field 20250519141841.0
008 - FIXED-LENGTH DATA ELEMENTS--GENERAL INFORMATION
fixed length control field 250519b |||||||| |||| 00| 0 eng d
020 ## - INTERNATIONAL STANDARD BOOK NUMBER
International Standard Book Number 8187336137
082 ## - DEWEY DECIMAL CLASSIFICATION NUMBER
Classification number KBJP-D-62
100 ## - MAIN ENTRY--PERSONAL NAME
Author Goel S.
245 ## - TITLE STATEMENT
Title Software Management
260 ## - PUBLICATION, DISTRIBUTION, ETC.
Place of publication, distribution, etc. New Delhi
Name of publisher, distributor, etc. Dominant Publishers & Dis.
Date of publication, distribution, etc. 1999
300 ## - PHYSICAL DESCRIPTION
Extent 317pp.
942 ## - ADDED ENTRY ELEMENTS (KOHA)
Koha item type Books
Holdings
Withdrawn status Lost status Source of classification or shelving scheme Damaged status Not for loan Home library Current library Date acquired Total Checkouts Full call number Barcode Date last seen Bill Date Koha item type Original Barcode
    Dewey Decimal Classification     MKSSS s K.B. Joshi Institute of Information Technology Library MKSSS s K.B. Joshi Institute of Information Technology Library 19/05/2025   KBJP-D-62 KBJP-D-62 19/05/2025 19/05/2025 Books D62